| 000 | 00970ngm a22002890a 4500 | ||
|---|---|---|---|
| 001 | PT15538 | ||
| 003 | AR-LpoUNG | ||
| 005 | 20210202000159.0 | ||
| 007 | vd cvaizq | ||
| 008 | 191001s1938||||ag |||||||||||||||||rus d | ||
| 037 | _c$8.3 | ||
| 040 |
_aAR-LpoUNG _bspa _cAR-LpoUNG _eaacr |
||
| 044 | _aag | ||
| 082 | 0 | _a817 864cha | |
| 100 | 1 |
_aChaplin, Charles _edir. |
|
| 245 | 1 | 0 | _aDentista |
| 260 |
_aBuenos Aires : _bEpoca, _c[1938]. |
||
| 300 | _aVHS (ca 60 min.) : son., byn. | ||
| 520 | _aCharles Chaplin es uno de los grandes genios del cine, un mito fundamental de la cultura del siglo XX, en cuya filmografía abundan las obras maestras, auténticas joyas llenas de imaginación y brillantez, que le han hecho ocupar uno de los lugares privilegiados de la historia del cine. | ||
| 650 | 4 | _aSATIRA | |
| 651 | 4 | _aDOCUMENTOS TEORICOS O METODOLOGICOS | |
| 653 | _aCINE MUDO | ||
| 653 | _aVHS | ||
| 653 | _aVIDEOS | ||
| 905 | _a15538 | ||
| 942 | _cVIDEO | ||
| 999 |
_c54268 _d54268 |
||